| 000 | 00996nam a22002655a 4500 | ||
|---|---|---|---|
| 003 | OSt | ||
| 005 | 20170220115406.0 | ||
| 008 | 161217s2013 ua frb 000 0 ara d | ||
| 015 | _a2001/4492 | ||
| 020 | _a9959001180 | ||
| 040 |
_aEG-ScBUE _bara _cEG-ScBUE |
||
| 082 | 0 | 4 |
_a382.92 _bس ر ي _222 |
| 100 | 1 | _aسرير، جمعة سعيد. | |
| 245 | 1 | 2 |
_aالنظام القانوني لمنظمة التجارة العالمية / _cجمعة سعيد سرير. |
| 250 | _aط. 2. | ||
| 260 |
_aالقاهرة : _bدار النهضة العربية، _c2013. |
||
| 300 |
_a736 ص. ؛ _c24 سم. |
||
| 504 | _aيشتمل على إرجاعات ببليوجرافية. | ||
| 610 | 2 | 7 |
_a منظمة التجارة العالمية (جنيف، سويسرا) _2BUEsh |
| 650 | 7 |
_aالتجارة الخارجية _xقوانين وتشريعات. _2BUEsh |
|
| 650 | 7 |
_aالقانون الدولي التجاري. _2BUEsh _941050 |
|
| 651 | _2BUEsh | ||
| 653 |
_bLLAAWW _cDecember2016 |
||
| 942 | _2ddc | ||
| 999 |
_c23606 _d23578 |
||